Sides in Wars - Statistics

General Stats
  • This quiz has been taken 19 times
  • The average score is 17 of 20
Answer Stats
War Combatants % Correct
WW2 Allies
100%
Gulf War Coalition
100%
Hundred Years War France
100%
Boer Wars United Kingdom
100%
Cold War United States
100%
Cold War USSR
100%
WW2 Axis
94%
Punic Wars Rome
94%
Punic Wars Carthage
88%
Hundred Years War England
88%
Peloponnesian War Athens
82%
Gulf War Iraq
82%
Peloponnesian War Sparta
82%
Six Day War Egypt
76%
Six Day War Israel
76%
Boer Wars Boer Republics
71%
WW1 Central Powers
71%
WW1 Entente
65%
Football War El Salvador
59%
Football War Honduras
59%
No matching quizzes found
Score Distribution
Percent of People with Each Score
Percentile by Number Answered
Your Score History
You have not taken this quiz